Normal view
MARC view
Entry Personal Name
001 - CONTROL NUMBER
- control field: 43911
003 - CONTROL NUMBER IDENTIFIER
- control field: OSt
005 - DATE AND TIME OF LATEST TRANSACTION
- control field: 20160308162429.0
008 - FIXED-LENGTH DATA ELEMENTS
- fixed length control field: 160308|| aca||aabn | a|a d
040 ## - CATALOGING SOURCE
- Original cataloging agency: OSt
- Transcribing agency: OSt
100 ## - HEADING--PERSONAL NAME
- Personal name: संगर सत्यप्रकाश
670 ## - SOURCE DATA FOUND
- Source citation: Work cat.: (OSt)24893: संगर सत्यप्रकाश, अफ्रीका का आदमी , 1953









